Normal view
MARC view
- الجغرافية- القرن العشرون، الجغرافيا - تاريخ
Entry Topical Term
001 - CONTROL NUMBER
- control field: 37519
003 - CONTROL NUMBER IDENTIFIER
- control field: JO-AjAnu
005 - DATE AND TIME OF LATEST TRANSACTION
- control field: 20230606080245.0
008 - FIXED-LENGTH DATA ELEMENTS
- fixed length control field: 230606|| aca||aabn | a|a d
040 ## - CATALOGING SOURCE
- Original cataloging agency: JO-AjAnu
- Transcribing agency: JO-AjAnu
150 ## - HEADING--TOPICAL TERM
- Topical term or geographic name entry element: الجغرافية- القرن العشرون، الجغرافيا - تاريخ
670 ## - SOURCE DATA FOUND
- Source citation: Work cat.: (JO-AjAnu)19251: الشافى، صلاح الدين علي, author 37518, الجغرافية المعاصرة: ماذا عن تطور الهدف واحتواء الأزمة